000 00333nam a2200121Ia 4500
008 151001s9999||||xx |||||||||||||| ||und||
100 _aटी एस जैन
245 _aबैंक प्रोबेशनरी ऑफीसर्स
250 _a1
260 _bउपकार
260 _c2007
300 _a84
999 _c987492
_d987489